000 00739nam a22001937a 4500
003 JO-AjAnu
005 20241019120432.0
008 241019b jo ||||| |||| 00| 0 ara d
020 _a5-41-608-9957-978
040 _cJO-AjAnu
041 _aARA
100 1 _aالألوسي، صفا لطفي
_966335
_eمؤلف
245 _aمعجم مصطلحات واعلام في الفكر والزخرفة والعمارة الإسلامية /
_cصفا لطفي الألوسي
250 _aالطبعة الاولى
260 _aعمان :
_bالدار المنهجية للنشر والتوزيع،
_c2017
300 _a158 صفحة
650 7 0 _aالتراجم- العمارة الاسلامية- الفنون
_966340
942 _2lcc
_cREF
_n0
999 _c33769
_d33769